00471nam a2200181 a 4500001001300000003000900013005001700022008004100039020001100080082001500091245004200106260004300148300001000191500003500201505001000236650002200246710002100268nice12345678IN_TiNIC20260116011856.0070620s1960 kana grp 000 0 eng  ac250000a220.4bDEV aDevotional Alphabertical Family Bible aKansas (USA) bDe Vore and Sons c1960 a1088p aincludes index and biblioraphy2 aIndex aBible-Concordance2 aDe Vore and Sons